000 00242nam a2200097Ia 4500
001 653795
005 20250826154505.0
008 250824s9999 xx 000 0 und d
245 0 _aDEVİN ŞARKISI
_cRAİFE POLAT
260 _bGÜNIŞIĞI YAYINLARI
999 _c653795
_d653795